000
00261nam a2200109Ia 4500
008
240625s9999 xx 000 0 und d
041
_a
eng
082
_a
808.20 SHA
100
_a
SHARMA ARPAN
245
_a
CREDIT APPRAISAL AND LENDING TECHNIQUES
260
_c
2013
999
_c
37002
_d
37002